Beyond art/ (Record no. 59424)

000 -LEADER
fixed length control field 00360pam a2200145 i 4500
020 ## - INTERNATIONAL STANDARD BOOK NUMBER
ISBN 9780199591558
082 04 - DEWEY DECIMAL CLASSIFICATION NUMBER
Classification number 701
Item number DOM/B
100 1# - MAIN ENTRY--AUTHOR NAME
Personal name Dominic McIver Lopes
245 10 - TITLE STATEMENT
Title Beyond art/
Statement of responsibility, etc by Dominic McIver Lopes
260 ## - PUBLICATION, DISTRIBUTION, ETC. (IMPRINT)
Place of publication Oxford:
Name of publisher Oxford University Press,
Year of publication 2014.
300 ## - PHYSICAL DESCRIPTION
Number of Pages viii, 224 pages ;
650 #0 - SUBJECT ADDED ENTRY--TOPICAL TERM
Topical Term Art Theory
650 #0 - SUBJECT ADDED ENTRY--TOPICAL TERM
Topical Term Arts
942 ## - ADDED ENTRY ELEMENTS (KOHA)
Koha item type Book
Holdings
Withdrawn status Lost status Damaged status Not for loan Permanent Location Current Location Shelving location Date acquired Cost, normal purchase price Full call number Accession Number Price effective from Koha item type
        Sree Sankaracharya University of Sanskrit Sree Sankaracharya University of Sanskrit Stacks 11.03.2016 3081.00 701 DOM/B 081303 11.03.2016 Book